Perspectivas sociolg̤icas de la contabilidad moderna

Detalles Bibliográficos
Autor principal: Roslender, Robin
Formato: eBook
Lenguaje:español
Publicado: Bogot:̀ Pontificia Universidad Javeriana, 2017
Materias:
Acceso en línea:Acceso restringido

MARC

LEADER 00000nam a22000007a 4500
005 20201223104642.0
007 cr|||| ||||
008 201223s2017 co |||||s|||| 00||0 spa d
020 |a 978-958-781-081-3 
035 |a 32399 
040 |a vLex 
090 |c 11010  |d 11010 
100 1 |a Roslender, Robin 
245 1 0 |a Perspectivas sociolg̤icas de la contabilidad moderna  |h [Recurso electrn̤ico] /  |c Robin Roslender 
256 |a Servicio en ln̕ea 
260 |a Bogot:̀  |b Pontificia Universidad Javeriana,  |c 2017 
300 |a 1 recurso electrn̤ico 
500 |a Perspectivas sociolg̤icas de la contabilidad moderna- es el primer libro en valerse de los avances de la sociologa̕ acadm̌ica y aplicarlos de una manera accesible para los estudiantes de contabilidad. Escrito por un socil̤ogo que a su vez es un contador formado, este libro analiza la escritura y los procesos de la contabilidad de una manera competamente nueva. Tiene en consideracin̤ la profesin̤, sus roles de trabajo y experiencias laborales, y la naturaleza ideolg̤ica de la contabilidad. 
506 1 |a Disponible solo en los productos indicados  |d vLex Global  |d vLex Global (Academic Edition, excluding Law Schools)  |d vLex Global (U.S. Academic Edition, Law Schools)  |d vLex Global (U.S. Academic Edition, excluding Law Schools)  |d vLex Global (Academic Edition, Law Schools) 
650 0 4 |a Contabilidad  |z Colombia 
650 0 4 |a Ciencias sociales  |z Colombia 
650 0 4 |a Humanidades  |z Colombia 
740 0 |a vLex Libros (Servicio en ln̕ea) 
856 4 0 |u http://vlex.com/source/perspectivas-sociologicas-de-la-contabilidad-moderna-32399  |z Acceso restringido 
942 |c BOOK 
999 0 |a Accounting 
999 0 |a Social Sciences 
999 0 |a Humanities